000
00206 a2200097 4500
001
9534
100
_a
Toulmin, S
245
_a
Life in Fresh Water
260
_a
_b
Oxford University
_c
090
_c
7578
_d
7578
942
_a
NUST-CAE
_c
M
_c
34242
999
_c
244607
_d
244607